000 01035nam a2200265Ia 4500
003 OSt
005 20220923211228.0
006 a|||||r|||| 00| 0
007 ta
008 220922b |||||||| |||| 00| 0 hin d
020 _a9788171103812 (hbk)
_c400
024 _a250,643
037 _b398/A, 21/02/2011, Vidyanidhi Prakashan
_cTextual
040 _aARTS
_cARTS
_bhin
041 _2hin
_ahin
082 _aO15,3D60:g(G:55), 152Q1
100 _aशर्मा, पुष्पा
_9156318
245 0 _aमहाकवि बाणभटट् का पर्यावरण चिन्तन
246 _ahinākavi bāṇabhaṭaṭ kā paryāvaraṇ chintana
260 _aदिल्ली
_b परिमल पब्लिकेशन्स
_c2011
300 _a288पृ.
_ccm.
650 _aसंस्कृत साहित्य
942 _hO15,3D60:g(G:55), 152Q1
_cTEXL
_2CC
999 _c297286
_d297286